Principle of communication systems

Spremljeno u:
Bibliografski detalji
Glavni autor: Taub, Herbert
Format: Knjiga
Jezik:Undetermined
Izdano: Tokyo McGraw Hill Kogakusha 1971
Teme:
Oznake: Dodaj oznaku
Bez oznaka, Budi prvi tko označuje ovaj zapis!
Thư viện lưu trữ: Trung tâm Học liệu Trường Đại học Cần Thơ
LEADER 00484nam a2200181Ia 4500
001 CTU_97583
008 210402s9999 xx 000 0 und d
082 |a 621.38 
082 |b T222 
100 |a Taub, Herbert 
245 0 |a Principle of communication systems 
245 0 |c Herbert Taub 
260 |a Tokyo 
260 |b McGraw Hill Kogakusha 
260 |c 1971 
650 |a Telecommunication systems 
904 |i Trúc 
980 |a Trung tâm Học liệu Trường Đại học Cần Thơ